000 00437nam a22001457a 4500
082 _aT-255
100 _aOmer, Dr Zainab
_951760
245 _aLevel of hospital preparendness for internal disasters in tertiary care hospitals in Pakistan
_b(Case Study of Rawalpindi City)
260 _aRisalpur,
_bMCE,
_c2019.
300 _a112p.
500 _aDM
526 _a0
_b0
_c0
_dT_255
700 _aDr Jawed Iqbal
_951673
942 _2ddc
_cBK
999 _c554315
_d554315